| 000 | 01782nam0a2200361 4500 | ||
|---|---|---|---|
| 001 | RU\NLR\bibl\1061513 | ||
| 005 | 20250615040847.0 | ||
| 021 |
_aRU _b2007-7269 _9386 |
||
| 035 | _a(nilc)RSL-KNO-003036596 | ||
| 035 | _a(NLR Aleph) 001048780 | ||
| 090 |
_a865147 _c865147 |
||
| 100 | _a20070213d2006 |||y0rusy50 ca | ||
| 101 | 0 | _arus | |
| 102 | _aRU | ||
| 105 | _aa zzzz||||| | ||
| 106 | _ar | ||
| 200 | 1 |
_aСудовые электроэнергетические системы _eкурс лекций _fВ. Т. Ивашов _gФедеральное гос. образовательное учреждение высш. проф. образования "Морская гос. акад. им. Ф. Ф. Ушакова" |
|
| 210 |
_aНовороссийск _cМГА _d2006 |
||
| 215 |
_a178 с. _cил., табл. _d21 |
||
| 300 | _aНа обороте тит.л. авт.: к.т.н., доц. В.Т. Ивашов | ||
| 320 | _aБиблиогр.: с. 178 (12 назв.) | ||
| 606 | 1 |
_aСудовые электроэнергетические системы _jУчебные издания для высших учебных заведений _92200545 _3RU\NLR\auth\661322363 |
|
| 610 | 0 | _aТранспорт -- Водный транспорт -- Оборудование судов -- Электрооборудование -- Судовые электроэнергетические системы -- Лекции для высшей школы | |
| 686 |
_aО462я73-2 _2rubbk |
||
| 686 | _aО462я73-2 | ||
| 700 | 1 |
_aИвашов _bВ. Т. _gВладимир Трифонович _4070 |
|
| 801 | 0 |
_aRU _bРКП _c20070213 _grcr |
|
| 801 | 1 |
_aRU _bРГБ _c20070213 |
|
| 801 | 2 |
_aRU _bNLR _c20070320 _grcr |
|
| 942 | _cBOOK | ||
| 980 | _aNB | ||
| 980 | _aNBR | ||